Villes de Provence-Alpes-Côte-d'Azur - Click Quiz - Statistiques

Statistiques générales
  • Ce quiz a été pris 273 fois
  • Le résultat moyen est 13 sur 20
Statistiques - réponses
Hint Réponse % Correct
Martigues Bouches-du-Rhône
81%
Aubagne Bouches-du-Rhône
81%
Antibes Alpes-Maritimes
79%
Hyères Var
79%
Saint-Raphaël Var
76%
La Ciotat Bouches-du-Rhône
75%
Orange Vaucluse
75%
Cagnes-sur-Mer Alpes-Maritimes
71%
La Seyne-sur-Mer Var
69%
Sanary-sur-Mer Var
69%
Carpentras Vaucluse
69%
Gap Hautes-Alpes
66%
Roquebrune-Cap-Martin Alpes-Maritimes
63%
Briançon Hautes-Alpes
63%
Cavaillon Vaucluse
62%
Sisteron Alpes-de-Haute-Provence
60%
Forcalquier Alpes-de-Haute-Provence
58%
Barcelonnette Alpes-de-Haute-Provence
57%
Saint-Rémy-de-Provence Bouches-du-Rhône
49%
Embrun Hautes-Alpes
46%
Aucun quiz correspondant
Distribution des résultats
% des personnes avec chaque résultat
Percentile par nombre de réponses
Votre historique - résultats
Vous n’avez pas pris ce quiz